000 00716cam a2200229 a 4500
001 3468424
005 20180125034159.0
008 930614s1993 nyua b 001 0 eng
010 _a 93014616
020 _a0029197821 :
_c$39.95
040 _aDLC
_cDLC
_dDLC
041 _aeng
080 _a658 MAI
082 0 0 _a658 MAI
_220
100 1 _a53
101 _aMEN
245 1 0 _aManaging the professional service firm /
_cDavid H. Maister.
504 _aIncludes bibliographical references (p. 365-366) and index.
906 _a7
_bcbc
_corignew
_d1
_eocip
_f19
_gy-gencatlg
942 _2ddc
_cBK
999 _c40893
_d40893